| 000 | 01183 a2200205 4500 | ||
|---|---|---|---|
| 003 | Nust | ||
| 005 | 20221201092624.0 | ||
| 010 | _a 75023381 | ||
| 020 | _a0070295980 | ||
| 040 | _cNust | ||
| 082 | 0 | 0 | _a536.2,HOL |
| 100 | 1 | _aHolman, J. P. | |
| 245 | 1 | 0 |
_aHeat transfer / _cJ. P. Holman. |
| 250 | _a4th ed. | ||
| 260 |
_aNew York : _bMcGraw-Hill, _cc1976. |
||
| 300 |
_axvii, 530 p. : _bill. ; _c24 cm. |
||
| 505 | _aChapter 1, Introduction (Page-1), Chapter 2, Steady-State Conduction-one Dimension (Page-23), Chapter 3, Steady-State Conduction-Two Dimensions (Page-57), Chapter 4, , Steady-State Conduction (Page-95), Chapter 5, Principals of Convection (Page-147), Chapter 6, Empirical and Practical Relations for Forced- Convection Heat Transfer (Page-201), Chapter 7, Natural- Convection System (Page-234), Chapter 8, Radiation Heat Transfer (Page-273), Chapter 9, Conduction and Boiling Heat Transfer (Page-355), Chapter 10, Heat Exchangers (Page-385), Chapter 11, Mass Transfer (Page-425), Chapter 12, Special Topics in Heat Transfer (Page-441), Chapter 13, Heat Transfer in the Environment (Page-471). | ||
| 650 | 0 |
_aHeat _xTransmission. |
|
| 942 |
_2ddc _cBK _k536.2,HOL |
||
| 999 |
_c184030 _d184030 |
||